La Constitución Nacional y el Medio Ambiente : el art. 41 de la C.N. /
Guardado en:
| Autor Principal: | |
|---|---|
| Otros Autores: | |
| Formato: | Libro |
| Idioma: | Spanish |
| Publicado: |
Buenos Aires :
Ediciones jurídicas Cuyo,
2000
|
| Materias: | |
| Etiquetas: |
Agregar Etiqueta
Sin Etiquetas, Sea el primero en etiquetar este registro!
|
| LEADER | 00645nam a22001695a 4500 | ||
|---|---|---|---|
| 001 | DER.der000214 | ||
| 008 | 180615s2000####ag#||||||||||||||#||spa|| | ||
| 005 | 20251218185852.0 | ||
| 245 | 1 | 0 | |a La Constitución Nacional y el Medio Ambiente : |b el art. 41 de la C.N. / |c Augusto Juan Menéndez , con prólogo de Edgardo Díaz Araujo. |
| 260 | |a Buenos Aires : |b Ediciones jurídicas Cuyo, |c 2000 | ||
| 300 | |a 627 p. | ||
| 020 | |a 9875270121 | ||
| 100 | 1 | |a Menéndez, Augusto Juan | |
| 700 | 1 | |a Díaz Araujo, Edgardo, |e prol. | |
| 650 | 7 | |a DERECHO AMBIENTAL | |
| 859 | |a DERECHO |b BIB. DERECHO |h 344.046 |i MEN |p 000575 | ||
| 859 | |a DERECHO |b BIB. DERECHO |h 344.046 |i MEN |p 000576 |t 1 | ||
